000
00315nam a22001337a 4500
020
_a
978-93-81639-79-5
082
_a
158
_b
WHI/G
100
_a
WHITEHURST,TESS
245
_a
THE GOOD ENERGY BOOK
260
_a
USA
_b
PROLIBRIS PUBLISHING MEDIA
300
_a
219
650
_a
SHARING POSITIVE ENERGY
_z
USA
942
_c
BK
999
_c
5710
_d
5710